Journalism principles and practice (Record no. 2748)

000 -LEADER
fixed length control field 00300nam a22001337a 4500
020 ## - INTERNATIONAL STANDARD BOOK NUMBER
International Standard Book Number 9788132102311
082 ## - DEWEY DECIMAL CLASSIFICATION NUMBER
Classification number 070.4
100 ## - MAIN ENTRY--PERSONAL NAME
Personal name Tony Harcup
245 ## - TITLE STATEMENT
Title Journalism principles and practice
250 ## - EDITION STATEMENT
Edition statement 2nd ed.
260 ## - PUBLICATION, DISTRIBUTION, ETC.
Place of publication, distribution, etc. India
Name of publisher, distributor, etc. Sage publication
Date of publication, distribution, etc. 2011.
300 ## - PHYSICAL DESCRIPTION
Extent 244p
942 ## - ADDED ENTRY ELEMENTS (KOHA)
Koha item type Book
Holdings
Withdrawn status Lost status Source of classification or shelving scheme Damaged status Not for loan Permanent Location Current Location Shelving location Date acquired Total Checkouts Full call number Barcode Date last seen Date last checked out Price effective from Koha item type
          Central Library (CL) Central Library (CL) First Floor - Journalism 03/17/2016 1 302.23 HAR S3H-S-113 07/01/2021 06/25/2021 03/17/2016 Book
© 2023 Central Library, National University of Sciences and Technology. All Rights Reserved.